Numbers 1 - 10 in European Languages - Statistics

General Stats
  • This quiz has been taken 1,184 times
    1,170 since last reset
  • The average score is 40 of 60
Answer Stats
Hint Answer % Correct
English Five
99%
English Four
99%
English Nine
99%
English One
99%
English Seven
99%
English Six
99%
French Six
99%
English Three
99%
English Two
99%
French Un
99%
English Eight
98%
English Ten
98%
Spanish Uno
97%
Italian Uno
97%
Italian Tre
96%
Spanish Dos
93%
Spanish Tres
93%
Spanish Cuatro
89%
Spanish Cinco
83%
Italian Sei
80%
French Cinq
79%
French Deux
79%
French Trois
79%
German Drei
78%
Spanish Ocho
77%
German Zwei
76%
German Eins
74%
French Quatre
71%
Spanish Seis
71%
German Fünf
70%
French Neuf
68%
Spanish Nueve
68%
French Sept
68%
German Sieben
68%
Spanish Siete
68%
German Vier
68%
French Dix
67%
German Acht
66%
French Huit
64%
German Sechs
63%
German Neun
62%
Spanish Diez
61%
Italian Due
58%
German Zehn
57%
Italian Quattro
48%
Italian Cinque
47%
Italian Otto
46%
Italian Sette
44%
Italian Nove
40%
Italian Dieci
33%
Polish Dwa
23%
Polish Jeden
21%
Polish Trzy
16%
Polish Pięć
15%
Polish Siedem
14%
Polish Cztery
13%
Polish Osiem
13%
Polish Sześć
12%
Polish Dziesięć
11%
Polish Dziewięć
11%
No matching quizzes found
Score Distribution
Percent of People with Each Score
Percentile by Number Answered
Your Score History
You have not taken this quiz since the last reset